[Event "Titled Tuesday intern op 27th Dec Early"]
[Site "Chess.com INT"]
[Date "2022.12.27"]
[Round "2"]
[White "Odegov, Artem"]
[Black "Rengifo Blancas, Renzo Jhonathan"]
[Result "1-0"]
[WhiteElo "2286"]
[BlackElo "2131"]
[PlyCount "51"]
[EventDate "2022.12.27"]
[EventType "swiss (blitz)"]
[EventRounds "11"]
[EventCountry "USA"]
[SourceTitle "EXT 2024"]
[Source "ChessBase"]
[SourceDate "2023.10.10"]
[SourceVersion "1"]
[SourceVersionDate "2023.10.10"]
[SourceQuality "1"]

1. d4 d5 2. c4 e6 3. Nc3 Nf6 4. Bg5 Be7 5. Nf3 h6 6. Bxf6 Bxf6 7. e3 b6 8. Qc2 Bb7 9. cxd5 exd5 10. 0-0-0 Nd7 11. h4 Qe7 12. Kb1 a6 13. Be2 0-0-0 14. Rc1 Kb8 15. g4 Rc8 16. Qf5 Qe6 17. Bd3 c5 18. Qf4+ Ka7 19. Bf5 Qe7 20. Rhd1 c4 21. g5 hxg5 22. hxg5 Bxg5 23. Nxg5 Rh5 24. Nf3 g5 25. Qg3 Rc7 26. Qxc7 1-0